Virtues, Limits and Prospects of the National Accounts

Najdôležitejšími otázkami týkajúcich sa národných účtov v súčasnosti sú zmeny, ktoré so sebou priniesla globalizácia a aktivita nadnárodných korporácií v ekonomickom priestore. Otázky k danej problematike, ktoré boli prejednávané na konferencii "Association de Comptabilité Nationale" v Paríži v júni...

Ausführliche Beschreibung

Gespeichert in:
Bibliographische Detailangaben
1. Verfasser: Hronová, Stanislava
Weitere Verfasser: Hindls, Richard
Format: Buchkapitel
Sprache:Englisch
Schlagworte:
Tags: Tag hinzufügen
Keine Tags, Fügen Sie das erste Tag hinzu!

MARC

LEADER 00000nla a2200000 4500
001 0242204
005 20240417075136.4
041 0 |a eng 
044 |a CZ 
245 1 0 |a Virtues, Limits and Prospects of the National Accounts  |c Stanislava Hronová, Richard Hindls 
520 |a Najdôležitejšími otázkami týkajúcich sa národných účtov v súčasnosti sú zmeny, ktoré so sebou priniesla globalizácia a aktivita nadnárodných korporácií v ekonomickom priestore. Otázky k danej problematike, ktoré boli prejednávané na konferencii "Association de Comptabilité Nationale" v Paríži v júni v r. 2017. 
610 2 0 |a účty národné 
610 2 0 |a produkt domáci hrubý 
610 2 0 |a globalizácia hospodárstva 
610 2 0 |a prognózy hospodárske 
610 2 0 |a spoločnosti nadnárodné 
610 2 0 |a konferencie 
100 1 |a Hronová, Stanislava 
700 1 |a Hindls, Richard